000 01505cam a2200349 a 4500
999 _c127888
_d127888
001 14603365
003 ARRUPE
005 20180411100721.0
008 061020s2007 enk b 001 0 eng
010 _a 2006052471
020 _a0195319915 (cloth : alk. paper)
020 _a9780195319910 (cloth : alk. paper)
020 _z9780195319918 (cloth : alk. paper)
020 _z9780195319918
035 _a(OCoLC)ocm74988561
035 _a(OCoLC)74988561
040 _aDLC
_cDLC
_dYDX
_dBTCTA
_dBAKER
_dYDXCP
_dIXA
_dDLC
050 0 0 _aBD336
_b.T46 2007
082 0 0 _a111
_222
100 1 _aThomasson, Amie L.
_q(Amie Lynn),
_d1968-
_941366
245 1 0 _aOrdinary objects /
_cAmie L. Thomasson.
260 _aOxford ;
_aNew York :
_bOxford University Press,
_c2007.
300 _axi, 240 p. ;
_c22 cm.
504 _aIncludes bibliographical references (p. 225-233) and index.
650 0 _aObject (Philosophy)
_934127
650 0 _aCommon sense.
_941367
650 0 _aOntology.
_941368
856 4 2 _3Contributor biographical information
_uhttp://www.loc.gov/catdir/enhancements/fy0724/2006052471-b.html
856 4 2 _3Publisher description
_uhttp://www.loc.gov/catdir/enhancements/fy0724/2006052471-d.html
906 _a7
_bcbc
_corignew
_d1
_eocip
_f20
_gy-gencatlg
942 _2lcc
_cMONOGRAPH